Economic census 1977: report on village amenities in Himachal Pradesh (Record no. 497430)

000 -LEADER
fixed length control field 00447cam a22001097a 4500
008 - FIXED-LENGTH DATA ELEMENTS--GENERAL INFORMATION
fixed length control field 180718b1984 xxu||||| |||| 00| 0 eng d
082 ## - DEWEY DECIMAL CLASSIFICATION NUMBER
Classification number T19065x5462 E/1977
245 ## - TITLE STATEMENT
Title Economic census 1977: report on village amenities in Himachal Pradesh
Statement of responsibility, etc. by Directorate of Economics and Statistics, Himachal Pradesh
260 ## - PUBLICATION, DISTRIBUTION, ETC.
Place of publication, distribution, etc. Simla
Name of publisher, distributor, etc. Government of Himachal Pradesh
Date of publication, distribution, etc. 1984
300 ## - PHYSICAL DESCRIPTION
Extent 65+p
700 ## - ADDED ENTRY--PERSONAL NAME
Personal name Himachal Pradesh. Directorate of Economics and Statistics
Holdings
Withdrawn status Lost status Damaged status Not for loan Permanent Location Current Location Date acquired Full call number Barcode Date last seen Price effective from Koha item type
        Indian Institute of Public Administration Indian Institute of Public Administration 2018-08-04 T19065x5462 E/1977 GG20457 2018-08-04 2018-08-04 GG

Powered by Koha